Library Banner

Dastan-e-Ghadar = (Record no. 105513)

MARC details
000 -LEADER
fixed length control field 00599cam a2200193 i 4500
001 - CONTROL NUMBER
control field 19713634
005 - DATE AND TIME OF LATEST TRANSACTION
control field 20180705102026.0
008 - FIXED-LENGTH DATA ELEMENTS--GENERAL INFORMATION
fixed length control field 170526s2017 ii b b 000 0deng d
020 ## - INTERNATIONAL STANDARD BOOK NUMBER
International Standard Book Number 9780670088911 (hardback)
040 ## - CATALOGING SOURCE
Transcribing agency PK-LaUMT
082 04 - DEWEY DECIMAL CLASSIFICATION NUMBER
Classification number 954.03
Edition number 23
Item number ZAH-D
100 0# - MAIN ENTRY--PERSONAL NAME
Personal name Ẓahir Dihlavi
245 10 - TITLE STATEMENT
Title Dastan-e-Ghadar =
Remainder of title the tale of the mutiny /
Statement of responsibility, etc Zahir Dehlvi ; translated from the Urdu by Rana Safvi
260 ## - PUBLICATION, DISTRIBUTION, ETC. (IMPRINT)
Place of publication, distribution, etc Haryana :
Name of publisher, distributor, etc Penguin Books,
Date of publication, distribution, etc 2017
300 ## - PHYSICAL DESCRIPTION
Extent xx, 327 p. :
Other physical details maps (black and white) ;
Dimensions 21 cm.
490 0# - SERIES STATEMENT
Series statement Penguin classics
700 1# - ADDED ENTRY--PERSONAL NAME
Personal name Safvi, Rana,
942 ## - ADDED ENTRY ELEMENTS (KOHA)
Koha item type Books
Holdings
Withdrawn status Lost status Damaged status Home library Current library Date acquired Full call number Barcode Date last seen Price effective from Koha item type
      UMT Main Campus UMT Main Campus 2018-07-05 954.03 ZAH-D 122486 2019-07-09 2018-07-05 Books